| 000 | 00493nam a22001691i 4500 | ||
|---|---|---|---|
| 001 | 20183 | ||
| 010 | _a9789898228079 | ||
| 090 | _a20183 | ||
| 100 | _a20170304u u u0frey50 ba | ||
| 101 | 0 | _apor | |
| 200 | 1 |
_fAlexandra Massey _aA vida é uma praia _emantenha a sensação de férias durante todo o ano |
|
| 210 |
_cQuinta Essência _aAlfragide _d2009 |
||
| 215 |
_a205, [3] p. _d24 cm |
||
| 700 | 1 |
_aMassey _bAlexandra _4070 |
|
| 702 | 1 |
_aLucas _bAna Glória _4730 _94997 |
|
| 801 |
_aPT _gRPC |
||
| 990 | _cLIVROS | ||